Statistics for Every Independent Team and Nickname

Click here to take the quiz!

General Stats

  • This quiz has been taken 4 times
  • The average score is 8 of 12

Answer Stats

Answer% Correct
Fighting Irish
100%
Massachusetts
100%
Minutemen
100%
Notre Dame
100%
Army
75%
Black Knights
75%
BYU
75%
Cougars
50%
Aggies
25%
Flames
25%
Liberty
25%
New Mexico
25%

Score Distribution

Percentile by Number Answered

Percent of People with Each Score

Your Score History

You have not taken this quiz